00558nmm a2200169Ia 4500008004100000020001800041041000800059100003600067245008700103264006000190300001800250490003100268650001400299856005100313942000700364999001700371251105s9999||||xx |||||||||||||||||und|| a9789587381023 aspa aEsguerra Pardo, Nicolás Boris 0aTeoría sociológica: ensayos (Comte, Durkheim, Sorel, Simmel, Merton, Bourdieu) a[Bogotá, Colombia] :bUniversidad del Rosario, c2010 a144 páginas aTextos de Ciencias Humanas aSociology uhttps://public.digitaliapublishing.com/a/14887 cCF c95672d95672